[Event "Belgrade Gligoric 100 Ann op"]
[Site "Belgrade"]
[Date "2023.02.05"]
[Round "5"]
[White "Djuric, Stefan"]
[Black "Tatisic, Milan"]
[Result "1-0"]
[WhiteElo "2275"]
[BlackElo "2016"]
[PlyCount "50"]
[EventDate "2023.02.05"]
[EventType "swiss (blitz)"]
[EventRounds "11"]
[EventCountry "SRB"]
[SourceTitle "EXT 2024"]
[Source "ChessBase"]
[SourceDate "2023.10.10"]
[SourceVersion "1"]
[SourceVersionDate "2023.10.10"]
[SourceQuality "1"]

1. e4 c5 2. Nf3 Nc6 3. Bb5 g6 4. 0-0 Bg7 5. c3 e5 6. a3 Nge7 7. b4 b6 8. Bb2 0-0 9. d4 cxd4 10. cxd4 exd4 11. Nxd4 Bb7 12. Ra2 d5 13. Nxc6 Bxc6 14. Bxc6 Nxc6 15. Bxg7 Kxg7 16. exd5 Ne5 17. Re2 f6 18. Nc3 Rc8 19. Nb5 Qd7 20. Nd4 Kh8 21. Ne6 Rfe8 22. f4 Nc4 23. Qd4 Qf7 24. f5 Nd6 25. fxg6 hxg6 1-0

[Event "Belgrade Gligoric 100 Ann op"]
[Site "Belgrade"]
[Date "2023.02.05"]
[Round "4"]
[White "Tatisic, Milan"]
[Black "Tasev, Dejan"]
[Result "0-1"]
[WhiteElo "2016"]
[BlackElo "2205"]
[PlyCount "47"]
[EventDate "2023.02.05"]
[EventType "swiss (blitz)"]
[EventRounds "11"]
[EventCountry "SRB"]
[SourceTitle "EXT 2024"]
[Source "ChessBase"]
[SourceDate "2023.10.10"]
[SourceVersion "1"]
[SourceVersionDate "2023.10.10"]
[SourceQuality "1"]

1. d4 Nf6 2. Nc3 d5 3. Bf4 c6 4. e3 Bf5 5. Bd3 Bg6 6. h4 e6 7. h5 Bxd3 8. cxd3 h6 9. Nf3 Bd6 10. Qb3 b6 11. Ne5 Bxe5 12. dxe5 Ng8 13. d4 Ne7 14. g4 Nd7 15. 0-0-0 b5 16. Kb1 a5 17. a4 b4 18. Ne2 c5 19. Qc2 c4 20. b3 Nb6 21. e4 Rc8 22. exd5 Nexd5 23. bxc4 Nxc4 24. Qe4 0-1

[Event "Belgrade-chT Quality"]
[Site "Belgrade"]
[Date "2019.10.06"]
[Round "2.8"]
[White "Tatisic, Milan"]
[Black "Stankovic, Andrea"]
[Result "1-0"]
[WhiteElo "2029"]
[BlackElo "1429"]
[PlyCount "91"]
[EventDate "2019.10.05"]
[EventType "team-tourn"]
[EventRounds "11"]
[EventCountry "SRB"]
[SourceTitle "EXT 2022"]
[Source "ChessBase"]
[SourceDate "2021.10.06"]
[SourceVersion "1"]
[SourceVersionDate "2021.10.06"]
[SourceQuality "1"]
[WhiteTeam "Bogoslov"]
[BlackTeam "Delfin"]
[WhiteTeamCountry "SRB"]
[BlackTeamCountry "SRB"]

1. c4 e6 2. Nc3 Nf6 3. e4 d6 4. d4 Nc6 5. f4 g6 6. Nf3 Bg7 7. e5 dxe5 8. fxe5 Nd7 9. Be2 b6 10. 0-0 0-0 11. Be3 Bb7 12. Qd2 Ne7 13. Bg5 f6 14. exf6 Nxf6 15. Qe3 Qd7 16. Ne5 Qd6 17. g4 a6 18. Bf4 Qd8 19. Rad1 Nc8 20. Bg5 Ne7 21. Rf2 Nd7 22. Nf3 e5 23. dxe5 Qe8 24. b4 a5 25. a3 axb4 26. axb4 Ra3 27. Bxe7 Qxe7 28. Nd5 Rxe3 29. Nxe7+ Kh8 30. Rxd7 Bxf3 31. Bxf3 Rexf3 32. Rxf3 Rxf3 33. Rd8+ Rf8 34. Rxf8+ Bxf8 35. Nc6 Kg7 36. Kf2 Kf7 37. Ke3 Ke6 38. Ke4 h6 39. h3 Bg7 40. Nd4+ Kd7 41. b5 Bh8 42. Kd5 Ke8 43. Ne6 Kd7 44. Nf8+ Ke8 45. Nxg6 Bg7 46. h4 1-0

[Event "Belgrade-chT Quality"]
[Site "Belgrade"]
[Date "2019.10.05"]
[Round "1.8"]
[White "Tatisic, Milan"]
[Black "Stankovic, Tomislav"]
[Result "1/2-1/2"]
[WhiteElo "2029"]
[BlackElo "1980"]
[PlyCount "56"]
[EventDate "2019.10.05"]
[EventType "team-tourn"]
[EventRounds "11"]
[EventCountry "SRB"]
[SourceTitle "EXT 2022"]
[Source "ChessBase"]
[SourceDate "2021.10.06"]
[SourceVersion "1"]
[SourceVersionDate "2021.10.06"]
[SourceQuality "1"]
[WhiteTeam "Bogoslov"]
[BlackTeam "Belgrade Tehnicka Skola"]
[WhiteTeamCountry "SRB"]
[BlackTeamCountry "SRB"]

1. c4 Nf6 2. Nc3 g6 3. e4 d6 4. d4 Bg7 5. f4 0-0 6. Nf3 b6 7. Bd3 Bb7 8. 0-0 Nbd7 9. e5 Ne8 10. Qe2 e6 11. Be4 c6 12. Be3 Rc8 13. Rad1 f5 14. Bc2 d5 15. cxd5 cxd5 16. Bd3 Nc7 17. Nb5 Nxb5 18. Bxb5 Nb8 19. Rc1 a6 20. Ba4 b5 21. Bb3 Qd7 22. Rxc8 Rxc8 23. Bd2 Bf8 24. Ne1 Nc6 25. Be3 Na5 26. Bd1 Nc4 27. b3 Nxe3 28. Qxe3 b4 1/2-1/2

[Event "Gligoric Cup 5th"]
[Site "Novi Sad"]
[Date "2018.11.07"]
[Round "5.6"]
[White "Cervenak, Juraj"]
[Black "Tatisic, Milan"]
[Result "1-0"]
[WhiteElo "1910"]
[BlackElo "2057"]
[PlyCount "51"]
[EventDate "2018.11.04"]
[EventType "team-swiss"]
[EventRounds "5"]
[EventCountry "SRB"]
[SourceTitle "CBM 187 Extra"]
[Source "ChessBase"]
[SourceDate "2018.11.04"]
[SourceVersion "1"]
[SourceVersionDate "2018.11.04"]
[SourceQuality "1"]
[WhiteTeam "Backi Petrovac Mladost"]
[BlackTeam "Belgrade Bogoslov"]
[WhiteTeamCountry "SRB"]
[BlackTeamCountry "SRB"]

1. e4 c5 2. Nf3 Nc6 3. d4 cxd4 4. Nxd4 g6 5. c4 Bg7 6. Be3 Nf6 7. Nxc6 bxc6 8. Nc3 d6 9. Be2 Qa5 10. 0-0 0-0 11. h3 Ne8 12. Qc2 Bxc3 13. bxc3 Nc7 14. f4 f5 15. Bd3 e6 16. exf5 exf5 17. Rfe1 Be6 18. Rab1 c5 19. Rb7 Bc8 20. Rb3 Bd7 21. Qd2 Qa6 22. Be2 Be6 23. Reb1 Rad8 24. Rb7 Rd7 25. R1b2 Rff7 26. Bf2 1-0

[Event "Belgrade-chT Quality"]
[Site "Belgrade"]
[Date "2018.09.24"]
[Round "7.5"]
[White "Nikolic, Milos"]
[Black "Tatisic, Milan"]
[Result "1-0"]
[WhiteElo "2270"]
[BlackElo "2085"]
[PlyCount "163"]
[EventDate "2018.09.17"]
[EventType "team-tourn"]
[EventRounds "11"]
[EventCountry "SRB"]
[SourceTitle "CBM 186 Extra"]
[Source "ChessBase"]
[SourceDate "2018.08.24"]
[SourceVersion "1"]
[SourceVersionDate "2018.08.24"]
[SourceQuality "1"]
[WhiteTeam "Partizan"]
[BlackTeam "Bogoslov"]
[WhiteTeamCountry "SRB"]
[BlackTeamCountry "SRB"]

1. e4 c5 2. Nf3 Nc6 3. d4 cxd4 4. Nxd4 g6 5. c4 Bg7 6. Be3 Qb6 7. Nb3 Qd8 8. Qd2 Nf6 9. f3 0-0 10. Be2 d6 11. 0-0 b6 12. Nc3 Ba6 13. Rfc1 Ne5 14. Nb5 Bb7 15. a4 a5 16. Rd1 Ned7 17. Qe1 Qc8 18. Qf2 Nc5 19. Nxc5 bxc5 20. e5 dxe5 21. Bxc5 Re8 22. Rac1 Bh6 23. Be3 Bxe3 24. Qxe3 Nd7 25. c5 Bc6 26. Bc4 Kg7 27. Bd5 Ra6 28. Qd3 Nb8 29. Bb3 Rf8 30. Qe3 f6 31. f4 Qg4 32. g3 Bf3 33. Rf1 e4 34. Nc7 Rc6 35. Ne6+ Rxe6 36. Bxe6 Qxe6 37. Rxf3 Nc6 38. Rf2 Rb8 39. Re2 Rb4 40. Kg2 f5 41. Qc3+ Kg8 42. Rd1 Rb3 43. Qd2 Kf7 44. Re3 Rb4 45. Qc3 Kg8 46. b3 h5 47. Rd2 Kf7 48. Qh8 Rxb3 49. Qh7+ Kf6 50. Re1 Rb8 51. Red1 e3 52. Rd6 exd6 53. Rxd6 Nd4 54. Rxe6+ Nxe6 55. Kf3 Rc8 56. Qa7 Rxc5 57. Kxe3 Rc3+ 58. Kd2 Rc5 59. Kd3 h4 60. Qb6 hxg3 61. hxg3 Kf7 62. Qa7+ Kf6 63. Kd2 Rd5+ 64. Kc3 Rc5+ 65. Kd3 Rc6 66. Qxa5 Rd6+ 67. Ke3 Rc6 68. Qe5+ Kf7 69. a5 Nc7 70. Kf3 Na6 71. Qd5+ Re6 72. g4 fxg4+ 73. Kxg4 Kf6 74. Qd8+ Kf7 75. Kg5 Re7 76. Qd5+ Kf8 77. Qd6 Nc7 78. a6 Ne8 79. Qa3 Kf7 80. a7 Nc7 81. a8Q Nxa8 82. Qxa8 1-0

[Event "Belgrade-chT Quality"]
[Site "Belgrade"]
[Date "2018.09.21"]
[Round "5.5"]
[White "Vujacic, Borivoje"]
[Black "Tatisic, Milan"]
[Result "1-0"]
[WhiteElo "2237"]
[BlackElo "2085"]
[PlyCount "107"]
[EventDate "2018.09.17"]
[EventType "team-tourn"]
[EventRounds "11"]
[EventCountry "SRB"]
[SourceTitle "CBM 186 Extra"]
[Source "ChessBase"]
[SourceDate "2018.08.24"]
[SourceVersion "1"]
[SourceVersionDate "2018.08.24"]
[SourceQuality "1"]
[WhiteTeam "Crvena Zvezda"]
[BlackTeam "Bogoslov"]
[WhiteTeamCountry "SRB"]
[BlackTeamCountry "SRB"]

1. e4 c5 2. Nf3 Nc6 3. Bb5 g6 4. Bxc6 dxc6 5. d3 Bg7 6. h3 Nf6 7. Nc3 b6 8. Bf4 Nd7 9. Qd2 e5 10. Bh6 0-0 11. 0-0-0 Bxh6 12. Qxh6 Qf6 13. Ne2 Qg7 14. Qe3 Re8 15. g4 Nf8 16. Ng3 Qf6 17. Ne2 Ne6 18. g5 Qg7 19. Nh2 Nd4 20. Ng4 Bxg4 21. hxg4 Nxe2+ 22. Qxe2 f6 23. Qe3 Rf8 24. Rh2 Qe7 25. Rdh1 Rf7 26. gxf6 Qxf6 27. g5 Qe7 28. b3 Raf8 29. Qg3 Rg7 30. Rh4 Qd6 31. Kb1 b5 32. Qh2 Rb7 33. Rf1 Rf3 34. Rh3 Rf4 35. f3 a5 36. Rh4 Rbf7 37. Rxf4 Rxf4 38. Rh1 Rf7 39. Qh3 Qd7 40. Qxd7 Rxd7 41. Kc1 b4 42. Kd2 a4 43. Ke3 Rf7 44. Rc1 a3 45. c3 Rc7 46. cxb4 cxb4 47. Rc5 Kg7 48. Rxe5 c5 49. f4 h5 50. f5 h4 51. Re6 gxf5 52. exf5 h3 53. Rh6 Kg8 54. f6 1-0

[Event "Belgrade-chT Quality"]
[Site "Belgrade"]
[Date "2018.09.17"]
[Round "1.6"]
[White "Ugrcic, Zoran"]
[Black "Tatisic, Milan"]
[Result "1/2-1/2"]
[WhiteElo "1986"]
[BlackElo "2085"]
[PlyCount "35"]
[EventDate "2018.09.17"]
[EventType "team-tourn"]
[EventRounds "11"]
[EventCountry "SRB"]
[SourceTitle "CBM 186 Extra"]
[Source "ChessBase"]
[SourceDate "2018.08.24"]
[SourceVersion "1"]
[SourceVersionDate "2018.08.24"]
[SourceQuality "1"]
[WhiteTeam "Cukaricki"]
[BlackTeam "Bogoslov"]
[WhiteTeamCountry "SRB"]
[BlackTeamCountry "SRB"]

1. Nf3 d5 2. d4 Nf6 3. g3 c6 4. Bg2 Bf5 5. 0-0 e6 6. c4 Be7 7. Nc3 0-0 8. Ne5 Nfd7 9. Nxd7 Nxd7 10. e4 dxe4 11. Nxe4 Nf6 12. Nxf6+ Bxf6 13. Be3 Qd7 14. Qd2 Rfd8 15. Rfe1 Bg4 16. f3 Bh5 17. Kh1 h6 18. Rac1 1/2-1/2

[Event "Belgrade-chT"]
[Site "Belgrade"]
[Date "2017.11.02"]
[Round "11.6"]
[White "Tatisic, Milan"]
[Black "Sarovski, Nikola"]
[Result "1/2-1/2"]
[WhiteElo "2099"]
[BlackElo "1910"]
[PlyCount "45"]
[EventDate "2017.10.01"]
[EventType "team-tourn"]
[EventRounds "11"]
[EventCountry "SRB"]
[SourceTitle "CBM 181 Extra"]
[Source "ChessBase"]
[SourceDate "2017.12.12"]
[SourceVersion "1"]
[SourceVersionDate "2017.12.12"]
[SourceQuality "1"]
[WhiteTeam "Bogoslov"]
[BlackTeam "BASK"]
[WhiteTeamCountry "SRB"]
[BlackTeamCountry "SRB"]

1. c4 g6 2. d4 Bg7 3. Nc3 d6 4. e4 Nc6 5. Be3 e5 6. d5 Nd4 7. Nge2 Bg4 8. Qd2 Bxe2 9. Nxe2 Nxe2 10. Bxe2 Nf6 11. f3 b6 12. 0-0 h5 13. b4 a5 14. a3 h4 15. c5 0-0 16. cxb6 cxb6 17. Rac1 axb4 18. Qxb4 Nh5 19. Rfd1 Nf4 20. Bf1 f5 21. Kh1 fxe4 22. fxe4 Bh6 23. Qb2 1/2-1/2

[Event "Belgrade Cup 16th"]
[Site "Belgrade"]
[Date "2016.05.13"]
[Round "5.3"]
[White "Kuzmanovic, Aleksa"]
[Black "Tatisic, Milan"]
[Result "1-0"]
[WhiteElo "2031"]
[BlackElo "2108"]
[PlyCount "53"]
[EventDate "2016.05.09"]
[EventType "team-swiss"]
[EventRounds "5"]
[EventCountry "SRB"]
[SourceTitle "CBM 172 Extra"]
[Source "ChessBase"]
[SourceDate "2016.06.21"]
[SourceVersion "1"]
[SourceVersionDate "2016.06.21"]
[SourceQuality "1"]
[WhiteTeam "Tadic"]
[BlackTeam "Bogoslov"]
[WhiteTeamCountry "SRB"]
[BlackTeamCountry "SRB"]

1. d4 Nf6 2. c4 g6 3. Nc3 d5 4. cxd5 Nxd5 5. Bd2 Bg7 6. e4 Nxc3 7. Bxc3 0-0 8. Qd2 b6 9. h4 h5 10. 0-0-0 Bb7 11. f3 Kh7 12. Kb1 Bh6 13. Qe1 Qd7 14. Nh3 f6 15. Bc4 a5 16. Qe2 Ba6 17. Bxa6 Rxa6 18. g4 b5 19. Bd2 Bg7 20. gxh5 gxh5 21. Nf4 Qe8 22. d5 e5 23. Ne6 Rf7 24. f4 Re7 25. f5 c6 26. Rhg1 cxd5 27. exd5 1-0

[Event "Belgrade-chT"]
[Site "Belgrade"]
[Date "2015.09.30"]
[Round "9.5"]
[White "Tatisic, Milan"]
[Black "Kostic, Milutin B"]
[Result "0-1"]
[WhiteElo "2124"]
[BlackElo "2198"]
[PlyCount "66"]
[EventDate "2015.09.21"]
[EventType "team-tourn"]
[EventRounds "9"]
[EventCountry "SRB"]
[SourceTitle "CBM 168 Extra"]
[Source "ChessBase"]
[SourceDate "2015.10.29"]
[SourceVersion "1"]
[SourceVersionDate "2015.10.29"]
[SourceQuality "1"]
[WhiteTeam "Bogoslov"]
[BlackTeam "Romanticari"]
[WhiteTeamCountry "SRB"]
[BlackTeamCountry "SRB"]

1. c4 c6 2. Nf3 Nf6 3. d4 d5 4. cxd5 cxd5 5. Nc3 Nc6 6. Bg5 Ne4 7. Bd2 Bf5 8. a3 e6 9. e3 Bd6 10. Be2 0-0 11. Nxe4 dxe4 12. Ng1 Rc8 13. h4 e5 14. d5 Ne7 15. g4 Bd7 16. Qb3 Qb6 17. Qxb6 axb6 18. g5 Nxd5 19. Bd1 Be6 20. Ne2 f5 21. gxf6 Nxf6 22. Nc3 Rfd8 23. Rg1 Be7 24. h5 Rc7 25. h6 g6 26. Rg5 Rcd7 27. Rxe5 Bf5 28. Bc1 Ng4 29. Rb5 Bf6 30. Bb3+ Kf8 31. Rxb6 Bh4 32. Nd1 Ne5 33. Ba4 Nf3+ 0-1

[Event "Belgrade-chT"]
[Site "Belgrade"]
[Date "2015.09.28"]
[Round "7.4"]
[White "Gosic, Bogdan"]
[Black "Tatisic, Milan"]
[Result "1-0"]
[WhiteElo "2285"]
[BlackElo "2124"]
[PlyCount "81"]
[EventDate "2015.09.21"]
[EventType "team-tourn"]
[EventRounds "9"]
[EventCountry "SRB"]
[SourceTitle "CBM 168 Extra"]
[Source "ChessBase"]
[SourceDate "2015.10.29"]
[SourceVersion "1"]
[SourceVersionDate "2015.10.29"]
[SourceQuality "1"]
[WhiteTeam "Belgrade"]
[BlackTeam "Bogoslov"]
[WhiteTeamCountry "SRB"]
[BlackTeamCountry "SRB"]

1. g3 d5 2. Nf3 Nf6 3. Bg2 g6 4. d4 Bg7 5. 0-0 0-0 6. c4 c6 7. Nbd2 Na6 8. Ne5 Nc7 9. e3 Nd7 10. Nd3 e6 11. b3 b6 12. Bb2 Bb7 13. Qe2 f5 14. Rac1 Rc8 15. Rfd1 Ne8 16. Nf3 Nc7 17. Ba3 Re8 18. Bd6 Nf6 19. c5 Ne4 20. Be5 Nb5 21. Qb2 g5 22. Bxg7 Kxg7 23. Nfe5 bxc5 24. a4 Nc7 25. f3 Nf6 26. Nxc5 Ba8 27. Qd2 Re7 28. e4 h6 29. exf5 exf5 30. Qd3 Ne6 31. Nxe6+ Rxe6 32. Qxf5 Qe8 33. Bh3 g4 34. Nxg4 Rd8 35. Nxh6 Re2 36. Qg5+ Qg6 37. Nf5+ Kf7 38. Qf4 Qh5 39. Re1 Rxe1+ 40. Rxe1 Qxh3 41. Qg5 1-0

[Event "Belgrade-chT"]
[Site "Belgrade"]
[Date "2014.11.01"]
[Round "9"]
[White "Milutinovic, Dejan D"]
[Black "Tatisic, Milan"]
[Result "1-0"]
[WhiteElo "2082"]
[BlackElo "2169"]
[PlyCount "86"]
[EventDate "2014.10.04"]
[EventType "team-tourn"]
[EventRounds "13"]
[EventCountry "SRB"]
[SourceTitle "EXT 2015"]
[Source "ChessBase"]
[SourceDate "2014.11.20"]
[SourceVersion "1"]
[SourceVersionDate "2014.11.20"]
[SourceQuality "1"]

1. c3 Nf6 2. Nf3 d5 3. d3 Nc6 4. Nbd2 e5 5. e4 dxe4 6. dxe4 Bc5 7. Bb5 0-0 8. 0-0 Bg4 9. Bxc6 bxc6 10. Qa4 Qe8 11. h3 Bh5 12. Qa5 Nd7 13. Qxc7 Rc8 14. Qa5 Bb6 15. Qa4 Nc5 16. Qc4 Rd8 17. b3 Nd3 18. Ba3 c5 19. b4 Bxf3 20. Nxf3 Qa4 21. Bc1 Qc2 22. Bg5 Rd7 23. Qb5 Rc7 24. Rad1 c4 25. Kh2 Qxc3 26. a4 Qxb4 27. Qxb4 Nxb4 28. Bd8 Rc8 29. Be7 Nd3 30. Bxf8 Kxf8 31. Ne1 Nxf2 32. Rd7 f6 33. a5 Bc5 34. Nf3 Nxe4 35. Rfd1 c3 36. Ne1 Nd2 37. Nc2 e4 38. h4 Rc6 39. Kh3 f5 40. g3 h5 41. Rd5 g6 42. Rd7 Ke8 43. Rb7 Rd6 1-0

[Event "Belgrade-chT"]
[Site "Belgrade"]
[Date "2014.10.19"]
[Round "6"]
[White "Tatisic, Milan"]
[Black "Savkic, Igor"]
[Result "1-0"]
[WhiteElo "2169"]
[BlackElo "2177"]
[PlyCount "115"]
[EventDate "2014.10.04"]
[EventType "team-tourn"]
[EventRounds "13"]
[EventCountry "SRB"]
[SourceTitle "EXT 2015"]
[Source "ChessBase"]
[SourceDate "2014.11.20"]
[SourceVersion "1"]
[SourceVersionDate "2014.11.20"]
[SourceQuality "1"]

1. c4 d5 2. cxd5 Qxd5 3. Nc3 Qa5 4. d4 e5 5. dxe5 Qxe5 6. Nf3 Qh5 7. e4 Bb4 8. Qb3 Nc6 9. Be3 Nf6 10. Nd2 0-0 11. Be2 Qe5 12. f4 Qe7 13. Bf3 Be6 14. Qc2 Ng4 15. Bxg4 Bxg4 16. 0-0 Rad8 17. Rae1 Bc5 18. Nb3 Nb4 19. Qf2 Bxe3 20. Rxe3 Be6 21. Nc1 Qc5 22. a3 Nc2 23. Rg3 Nd4 24. Nd3 Qb6 25. Kh1 Bc4 26. Rd1 Nf5 27. exf5 Rxd3 28. Qxb6 Rxd1+ 29. Nxd1 cxb6 30. f6 Re8 31. Ne3 g6 32. Kg1 Be6 33. Kf2 Kf8 34. Rg5 Rd8 35. g4 Rd2+ 36. Kf3 Rxh2 37. Re5 Rxb2 38. f5 Bd7 39. Re7 Bc6+ 40. Kf4 Rd2 41. Rc7 Rd4+ 42. Kg5 Re4 43. Nc4 Rxc4 44. Rc8+ Be8 45. Rxc4 Bc6 46. Kh6 gxf5 47. gxf5 Bd7 48. Rd4 Ke8 49. Rd5 b5 50. Kxh7 Bc6 51. Rd2 Bd7 52. Kg7 Bxf5 53. Re2+ Kd7 54. Kxf7 Bg4 55. Rd2+ Kc6 56. Ke7 Bh5 57. Rg2 a5 58. Rg5 1-0

[Event "Belgrade-chT"]
[Site "Belgrade"]
[Date "2014.10.12"]
[Round "4"]
[White "Sergijevic, Zoran"]
[Black "Tatisic, Milan"]
[Result "1/2-1/2"]
[WhiteElo "2101"]
[BlackElo "2169"]
[PlyCount "85"]
[EventDate "2014.10.04"]
[EventType "team-tourn"]
[EventRounds "13"]
[EventCountry "SRB"]
[SourceTitle "EXT 2015"]
[Source "ChessBase"]
[SourceDate "2014.11.20"]
[SourceVersion "1"]
[SourceVersionDate "2014.11.20"]
[SourceQuality "1"]

1. e4 c5 2. Nf3 Nc6 3. d4 cxd4 4. Nxd4 g6 5. Be3 Nf6 6. Nc3 Bg7 7. Be2 0-0 8. Nxc6 dxc6 9. Qxd8 Rxd8 10. f3 Be6 11. Kf2 Nd7 12. a3 Nb6 13. Rad1 Kf8 14. Rxd8+ Rxd8 15. Rd1 Ke8 16. f4 Bxc3 17. Rxd8+ Kxd8 18. bxc3 Na4 19. Bd2 b5 20. g4 Ba2 21. h4 a6 22. Bd3 c5 23. e5 Bd5 24. Ke3 Nb2 25. Bc1 Nd1+ 26. Kd2 Nf2 27. Be2 Be6 28. g5 Ne4+ 29. Kd3 Bf5 30. c4 Ng3+ 31. Ke3 Nxe2 32. Kxe2 Bxc2 33. Be3 bxc4 34. Kd2 Bf5 35. Kc3 Bd7 36. Kxc4 Kc7 37. Bxc5 Kd8 38. Kc3 Bc6 39. Kd4 Kd7 40. Bb4 Ke6 41. Ke3 Bb7 42. Bc5 Bc8 43. Bb4 1/2-1/2

[Event "Belgrade-chT Quality"]
[Site "Belgrade"]
[Date "2012.10.29"]
[Round "7.3"]
[White "Tatisic, Milan"]
[Black "Radovic, Goran"]
[Result "1/2-1/2"]
[WhiteElo "2183"]
[BlackElo "2012"]
[PlyCount "62"]
[EventDate "2012.10.13"]
[EventType "team-tourn"]
[EventRounds "11"]
[EventCountry "SRB"]
[SourceTitle "EXT 2019"]
[Source "ChessBase"]
[SourceDate "2018.10.10"]
[SourceVersion "1"]
[SourceVersionDate "2018.10.10"]
[SourceQuality "1"]

1. d4 Nf6 2. Nf3 g6 3. c4 Bg7 4. Nc3 0-0 5. e4 d6 6. Be2 e5 7. 0-0 Nh5 8. Re1 Nc6 9. dxe5 dxe5 10. Qxd8 Nxd8 11. Nd5 Ne6 12. Ne7+ Kh8 13. Nxc8 Raxc8 14. Be3 c5 15. Rad1 Nd4 16. Nxd4 exd4 17. Bc1 Nf6 18. e5 Ng8 19. f4 Ne7 20. Bg4 Rc6 21. b4 cxb4 22. Rxd4 h5 23. Be2 Nf5 24. Rd7 a5 25. Red1 f6 26. exf6 Bxf6 27. Rxb7 Bd4+ 28. Kf1 Bc3 29. Rbd7 a4 30. Rd8 Rxd8 31. Rxd8+ Kg7 1/2-1/2

[Event "Belgrade-chT"]
[Site "Belgrade"]
[Date "2011.10.09"]
[Round "8.3"]
[White "Jovanovic, Zoran"]
[Black "Tatisic, Milan"]
[Result "1/2-1/2"]
[WhiteElo "2320"]
[BlackElo "2211"]
[PlyCount "66"]
[EventDate "2011.10.01"]
[EventType "team-tourn"]
[EventRounds "11"]
[EventCountry "SRB"]
[SourceTitle "CBM 144 Extra"]
[Source "ChessBase"]
[SourceDate "2011.10.28"]
[SourceVersion "1"]
[SourceVersionDate "2011.10.28"]
[SourceQuality "1"]
[WhiteTeam "Belgrade Vodovod"]
[BlackTeam "Bogoslov"]
[WhiteTeamCountry "YUG"]
[BlackTeamCountry "YUG"]

1. Nf3 Nf6 2. c4 c5 3. g3 Nc6 4. Bg2 g6 5. 0-0 Bg7 6. Nc3 0-0 7. a3 d6 8. Rb1 Be6 9. d3 Qc8 10. Ng5 Bd7 11. b4 cxb4 12. axb4 h6 13. Nge4 Nxe4 14. Nxe4 Bh3 15. b5 Bxg2 16. Kxg2 Nd8 17. f3 f5 18. Nf2 e5 19. g4 Ne6 20. Kh1 Kh7 21. Rg1 a5 22. Be3 Nd4 23. Qd2 Qe6 24. Nd1 d5 25. gxf5 Nxf5 26. cxd5 Qxd5 27. Nc3 Qe6 28. Rg4 Bf6 29. Rc4 Rfc8 30. Ne4 Be7 31. Nc5 Qd5 32. Na4 Bd8 33. Rg4 Rc2 1/2-1/2

[Event "Belgrade-chT"]
[Site "Belgrade"]
[Date "2011.10.05"]
[Round "5.6"]
[White "Tatisic, Milan"]
[Black "Skaric, Djuro"]
[Result "1/2-1/2"]
[WhiteElo "2211"]
[BlackElo "2259"]
[PlyCount "46"]
[EventDate "2011.10.01"]
[EventType "team-tourn"]
[EventRounds "11"]
[EventCountry "SRB"]
[SourceTitle "CBM 144 Extra"]
[Source "ChessBase"]
[SourceDate "2011.10.28"]
[SourceVersion "1"]
[SourceVersionDate "2011.10.28"]
[SourceQuality "1"]
[WhiteTeam "Bogoslov"]
[BlackTeam "Belgrade Sigurnost"]
[WhiteTeamCountry "YUG"]
[BlackTeamCountry "YUG"]

1. d4 Nf6 2. Nf3 b6 3. g3 e6 4. Bg2 Bb7 5. 0-0 Be7 6. c4 0-0 7. b3 d6 8. Bb2 Nbd7 9. Nbd2 Ne4 10. Nxe4 Bxe4 11. Nd2 Bxg2 12. Kxg2 f5 13. e4 Nf6 14. exf5 exf5 15. Qf3 Qd7 16. d5 Ng4 17. h3 Bf6 18. Bxf6 Nxf6 19. Rfe1 Rae8 20. Qf4 h6 21. h4 Nh5 22. Qf3 Nf6 23. Qf4 Nh5 1/2-1/2

[Event "Belgrade-chT"]
[Site "Belgrade"]
[Date "2011.10.03"]
[Round "3.6"]
[White "Sarenac, David"]
[Black "Tatisic, Milan"]
[Result "1-0"]
[WhiteElo "2273"]
[BlackElo "2211"]
[PlyCount "141"]
[EventDate "2011.10.01"]
[EventType "team-tourn"]
[EventRounds "11"]
[EventCountry "SRB"]
[SourceTitle "CBM 144 Extra"]
[Source "ChessBase"]
[SourceDate "2011.10.28"]
[SourceVersion "1"]
[SourceVersionDate "2011.10.28"]
[SourceQuality "1"]
[WhiteTeam "Borac"]
[BlackTeam "Bogoslov"]
[WhiteTeamCountry "YUG"]
[BlackTeamCountry "YUG"]

1. e4 g6 2. d4 Bg7 3. Nc3 c6 4. Be3 d5 5. h3 dxe4 6. Nxe4 Nd7 7. Nf3 Ngf6 8. Nc3 Nb6 9. Be2 0-0 10. 0-0 Be6 11. b3 h6 12. Re1 Qc8 13. Ne5 Rd8 14. Qc1 Kh7 15. Qa3 Nfd5 16. Nxd5 Nxd5 17. Nd3 Nxe3 18. fxe3 Bf6 19. Rf1 Qc7 20. Nf4 Bf5 21. Bd3 Bxd3 22. Nxd3 Kg7 23. Rf2 Rd5 24. Raf1 Rf8 25. c3 b6 26. b4 Bh4 27. Rf3 Rg5 28. Qb3 e6 29. e4 Rg3 30. Qd1 Rxf3 31. Qxf3 Be7 32. Qg4 h5 33. Qe2 c5 34. bxc5 bxc5 35. Qe3 c4 36. Nf4 Qa5 37. Rf2 Bg5 38. e5 Bxf4 39. Rxf4 Qxa2 40. d5 Qb1+ 41. Kh2 exd5 42. Qxa7 Kg8 43. Qc5 Qc1 44. Rf3 Qd2 45. e6 Qg5 46. Qd6 h4 47. exf7+ Rxf7 48. Qe6 Qe7 49. Qxd5 Kf8 50. Rxf7+ Qxf7 51. Qd8+ Kg7 52. Qxh4 Qe6 53. Qd4+ Kh7 54. h4 Qe2 55. Qf6 Qe8 56. Kh3 Qd7+ 57. Kg3 Qd3+ 58. Kh2 Qd7 59. Qe5 Qf7 60. Kg3 Qd7 61. h5 Qd3+ 62. Kh4 Qf1 63. Qe7+ Kg8 64. Qe8+ Kg7 65. Qxg6+ Kh8 66. Qe8+ Kg7 67. Qe5+ Kh7 68. Qe4+ Kh8 69. Kg5 Qf7 70. Qe5+ Kg8 71. h6 1-0

[Event "Belgrade tt Cup"]
[Site "Belgrade"]
[Date "2011.04.15"]
[Round "3"]
[White "Carnic, Dejan"]
[Black "Tatisic, Milan"]
[Result "1-0"]
[WhiteElo "2133"]
[BlackElo "2223"]
[PlyCount "43"]
[EventDate "2011.04.13"]
[EventType "team-tourn"]
[EventRounds "5"]
[EventCountry "SRB"]
[SourceTitle "CBM 141 Extra"]
[Source "ChessBase"]
[SourceDate "2011.05.03"]
[SourceVersion "1"]
[SourceVersionDate "2011.05.03"]
[SourceQuality "1"]

1. e4 c5 2. Nf3 Nc6 3. d4 cxd4 4. Nxd4 Nf6 5. Nc3 e5 6. Ndb5 d6 7. Bg5 a6 8. Na3 b5 9. Bxf6 gxf6 10. Nd5 f5 11. c3 fxe4 12. Bxb5 axb5 13. Nxb5 Be6 14. Nbc7+ Kd7 15. Nxa8 Bxd5 16. Qxd5 Qxa8 17. Qxf7+ Ne7 18. 0-0 Qd5 19. Qh5 Ng6 20. Qg4+ Kc7 21. Rfe1 e3 22. Rxe3 1-0